Guess the Cricket Ground by Picture (Part 2) - Statistics

General Stats
  • This quiz has been taken 34 times
  • The average score is 7 of 16
Answer Stats
Picture Answer % Correct
Melbourne Cricket Ground
86%
The Oval
86%
Himachal Pradesh Cricket Association Stadium
76%
Wankhede Stadium
59%
Nassau County International Cricket Stadium
52%
Trent Bridge
52%
Rajiv Gandhi International Cricket Stadium
48%
Sheikh Zayed Cricket Stadium
41%
Hagley Oval
34%
National Stadium Karachi
34%
Supersport Park
31%
Sinhalese Sports Club Cricket Ground
28%
Manuka Oval
21%
Bay Oval
17%
Kensington Oval
14%
Sabina Park
10%
No matching quizzes found
Score Distribution
Percent of People with Each Score
Percentile by Number Answered
Your Score History
You have not taken this quiz